Mean Fiddler Holdings Ltd v Islington LBC (No 2) (Record no. 73749)

MARC details
000 -LEADER
fixed length control field 01872cam a2200217 4500
001 - CONTROL NUMBER
control field ABS67237
008 - FIXED-LENGTH DATA ELEMENTS--GENERAL INFORMATION
fixed length control field 031105n2003 000 0 eng u
035 ## - SYSTEM CONTROL NUMBER
System control number (Sirsi) u124245
245 ## - TITLE STATEMENT
Title Mean Fiddler Holdings Ltd v Islington LBC (No 2)
260 ## - PUBLICATION, DISTRIBUTION, ETC.
Date of publication, distribution, etc. 2003
490 ## - SERIES STATEMENT
Series statement Estates Gazette
Volume/sequential designation [2003] 44 EG 170-176(7)
520 ## - SUMMARY, ETC.
Summary, etc. ACQ/29/2001, 9 September 2003. Claimant (M) held a lease on a nightclub compulsorily purchased by I and sought compensation for the extinguishment of its business. CA dismissed I's appeal against a LT decision, on a preliminary issue, that M had not breached its lease ([2003] EWCA Civ 160, X122498). Before the preliminary hearing M disclosed accounts indicating that the business was carried out by M's wholly owned subsidiary M F Clubs and Live Ltd (C) rather than M itself. Prior to the substantive hearing I asked M to accept that claim for total extinguishment was misconceived, that only C could make such a claim, and that C had not made reference to the LT. M claimed that, prior to the preliminary issue hearing, the parties had agreed a statement of facts and maintained that I could not be released from the this agreement. M asserted that there had been an abuse of process by I in raising the Clubs issue at a late stage of the proceedings and after the hearing of the preliminary issue. "Held" that LT did have jurisdiction to refuse to allow I to raise the Clubs issue but was entitled to use its discretion in allowing I to raise the matter and dismissed M's claim that it was an abuse of process.
590 ## - LOCAL NOTE (RLIN)
Local note ABS
650 ## - SUBJECT ADDED ENTRY--TOPICAL TERM
Topical term or geographic name entry element MEAN FIDDLER HOLDINGS LTD V ISLINGTON LBC
650 ## - SUBJECT ADDED ENTRY--TOPICAL TERM
Topical term or geographic name entry element NIGHTCLUBS
650 ## - SUBJECT ADDED ENTRY--TOPICAL TERM
Topical term or geographic name entry element ALIENATION CLAUSES
650 ## - SUBJECT ADDED ENTRY--TOPICAL TERM
Topical term or geographic name entry element LEASES
650 ## - SUBJECT ADDED ENTRY--TOPICAL TERM
Topical term or geographic name entry element COMPULSORY PURCHASE ORDERS
690 ## - LOCAL SUBJECT ADDED ENTRY--TOPICAL TERM (OCLC, RLIN)
Topical term or geographic name as entry element ENVIRONMENTAL AND LAND CONSULTANCY-PLANNING AND DEVELOPMENT-COMPULSORY PURCHASE AND COMPENSATION
942 ## - ADDED ENTRY ELEMENTS (KOHA)
Suppress in OPAC 0
Holdings
Withdrawn status Lost status Source of classification or shelving scheme Damaged status Not for loan Home library Current library Shelving location Date acquired Total Checkouts Full call number Barcode Date last seen Copy number Price effective from Koha item type
    Dewey Decimal Classification     London London Journal article 05/11/2003   ABS67237 124245-1001 06/08/2019 1 06/08/2019 Law report